000 00266nam a22000977a 4500
999 _c528854
_d528854
027 _qHard Cover.
040 _c0
050 _a658.404
245 _aPROJECT MANAGEMENT:
_bA systems approach to planning scheduling and controlling /
_cKerzner, Harnold
942 _2ddc
_cBK